| 000 | 00558nam a22001817a 4500 | ||
|---|---|---|---|
| 003 | CEME | ||
| 005 | 20210628204053.0 | ||
| 008 | 210115b xxu||||| |||| 00| 0 eng d | ||
| 020 | _a9788131770160 | ||
| 040 | _c. | ||
| 082 | _a005.8 CON | ||
| 100 |
_aConvery, Sean _968577 |
||
| 245 | _aNetwork security architectures,expert guidance on designing secure networks | ||
| 260 |
_aINDIA _bPEARSON EDUCATION _c2012 |
||
| 300 | _aXXXIX, 743P | ||
| 650 |
_aNETWORK SECURITY ARCHITECTURES. EXPERT GUIDANCE ON DESIGNING SECURE NETWORKS _968578 |
||
| 942 |
_cBK _2ddc |
||
| 999 |
_c576117 _d576117 |
||